000 00636nam a2200205 a 4500
001 1887912
003 AM-YEHGA
005 20250618080113.0
008 230222s2022 ai ||||gr|||||||||p|arm|d
020 _a9789939042237
040 _aAM-YeHGA
041 0 _aarm
100 1 _aԲունիաթյան, Վահե
_99518
245 1 0 _aՇղթայված ցավեր :
_bԲանաստեղծություններ /
_cՎ. Բունիաթյան.
260 _aԵրևան :
_bՀեղինակային հրատարակություն,
_c2022.
300 _a192 էջ ;
_c21 սմ.
650 1 4 _aՀայ պոեզիա
942 _2udc
_cBK
090 _c565075
999 _c527101
_d527101